000 00403nam a22001577a 4500
003 AR-RoIUNI
005 20250731095706.0
008 250731b |||||||| |||| 00| 0 spa d
040 _cIUNIR
080 _a616.314.16/.17
100 _aZuhr, Otto
243 _a}
245 _aDecision-Making at the Crossroads between Periodontology and Implant dentistry
650 _2pERIODONCIA
942 _2cdu
_cBK
999 _c6169
_d6169